Диатомит - альтернативный компонент стекольной шихты; Современные техника и технологии; Т. 2

Бібліографічні деталі
Parent link:Современные техника и технологии: сборник трудов XVIII международной научно-практической конференции студентов, аспирантов и молодых ученых, Томск, 9-13 апреля 2012 г/ Национальный исследовательский Томский политехнический университет (ТПУ).— , 2012
Т. 2.— 2012.— [С. 195-196]
Автор: Мешков А. В.
Співавтори: Национальный исследовательский Томский политехнический университет (ТПУ), Российский химико-технологический университет им. Д. И. Менделеева (РХТУ)
Інші автори: Субботин Р. К. (научный руководитель), Казьмина О. В. Ольга Викторовна, Маневич Е. В.
Резюме:Заглавие с титульного листа
Мова:Російська
Опубліковано: 2012
Серія:Секция 6: Материаловедение
Предмети:
Онлайн доступ:http://www.lib.tpu.ru/fulltext/v/Conferences/2012/C2/V2/v2_095.pdf
Формат: Електронний ресурс Частина з книги
KOHA link:https://koha.lib.tpu.ru/cgi-bin/koha/opac-detail.pl?biblionumber=223692

MARC

LEADER 00000nla2a2200000 4500
001 223692
005 20240119151407.0
035 |a (RuTPU)RU\TPU\book\243960 
090 |a 223692 
100 |a 20121015d2012 k y0rusy50 ca 
101 0 |a rus 
102 |a RU 
105 |a y z 101zy 
135 |a drcn ---uucaa 
181 0 |a i  
182 0 |a b 
200 1 |a Диатомит - альтернативный компонент стекольной шихты  |f А. В. Мешков, Р. К. Субботин  |g Национальный исследовательский Томский политехнический университет (ТПУ) ; Российский химико-технологический университет им. Д. И. Менделеева (РХТУ) ; науч. рук. О. В. Казьмина ; науч. рук. Е. В. Маневич 
203 |a Текст  |c электронный 
215 |a 1 файл (826 Kb) 
225 1 |a Секция 6: Материаловедение 
300 |a Заглавие с титульного листа 
320 |a [Библиогр.: с. 196 (2 назв.)] 
337 |a Adobe Reader 
461 1 |0 (RuTPU)RU\TPU\book\240890  |t Современные техника и технологии  |o сборник трудов XVIII международной научно-практической конференции студентов, аспирантов и молодых ученых, Томск, 9-13 апреля 2012 г  |o в 3 т.  |f Национальный исследовательский Томский политехнический университет (ТПУ)  |d 2012 
463 1 |0 (RuTPU)RU\TPU\book\242828  |t Т. 2  |v [С. 195-196]  |d 2012  |p 473 с. 
610 1 |a электронный ресурс 
610 1 |a труды учёных ТПУ 
610 1 |a стекольные шихты 
610 1 |a диатомиты 
610 1 |a стекольная промышленность 
610 1 |a стекольное производство 
610 1 |a кремнистые породы 
610 1 |a кремнеземистое сырье 
700 1 |a Мешков  |b А. В. 
701 1 |a Субботин  |b Р. К. 
702 1 |a Казьмина  |b О. В.  |c химик-технолог  |c профессор Томского политехнического университета, доктор технических наук  |f 1967-  |g Ольга Викторовна  |4 727 
702 1 |a Маневич  |b Е. В.  |4 727 
712 0 2 |a Национальный исследовательский Томский политехнический университет (ТПУ)  |c (2009- )  |3 (RuTPU)RU\TPU\col\15902 
712 0 2 |a Российский химико-технологический университет им. Д. И. Менделеева (РХТУ)  |c (Москва)  |3 (RuTPU)RU\TPU\col\55 
801 2 |a RU  |b 63413507  |c 20130923  |g RCR 
856 4 |u http://www.lib.tpu.ru/fulltext/v/Conferences/2012/C2/V2/v2_095.pdf 
942 |c CF